000 00548nam a2200193 a 4500
001 000029926
005 20200930055920.0
008 110427s1997 sp ab 000 0 spa d
020 _a8492215089
020 _a8492215062
041 1 7 _aspa
_aeng
100 1 _aMusó cabús, Joan
_956672
245 1 0 _aEl cine musical de Hollywood /
_cJoan Musó cabú.
260 _aBarcelona :
_bFILM Ideal,
_c1997.
300 _a2v. :
_bil., retrs. ;
_c28 cm.
500 _aTexto a dos columnas
505 0 _gv.1
_t1927-1944
_gv.2
_t1945-1997
999 _c29418
_d29418
040 _aDO-SdBNP